| 000 | 01015nam a22002175i 4500 | ||
|---|---|---|---|
| 001 | 167632 | ||
| 003 | ES-MaACL | ||
| 005 | 20251015063151.0 | ||
| 008 | 981002s1841 fr |||| | fre d | ||
| 040 |
_aGA _bspa _cCCPB | 3D |
||
| 100 | 2 |
_aVilleneuve-Bargemont, Jean Paul Alban de, _cViconte de, _d1784-1850 _9133767 |
|
| 245 | 1 | 0 |
_aHistoire de l'économie politique ou Etudes historiques, philosophiques et religieuses sur l'économie politique des peuples anciens et modernes / _cpar le Vte. Alban de Villeneuve Bargemont. |
| 260 |
_aParis : _bGuillaumin, _c1841 ( _eSenlis : _fImprimerie de Mme. Fessart) |
||
| 300 |
_a2 v. (474 ; 453 p.) ; _c22 cm. |
||
| 597 | 1 | _aEn p. 432 del t. 2: Fin du tome second et dernier. | |
| 650 | 4 |
_aEconomía- _xHistoria. _9224575 |
|
| 740 | 0 | 1 | _aEtudes historiques, philosophiques et religieuses sur l'économie politique des peuples anciens et modernes. |
| 752 |
_aFrancia - _dParís |
||
| 852 |
_aES-MaACL _jC-2663-2664 _z-- Enc. hol. |
||
| 999 |
_c167632 _d167632 |
||